000 00884nam a2200253 a 4500
001 74021
003 BD-RjUL
005 20211209082458.0
008 171227s2012 ir |||| |||| 000 0 eng d
020 _a9789645292667
035 _a(BD-RjUL)74239
040 _aBD-RjUL
_beng
_cBD-RjUL
041 _aeng
082 _223
_a297.82095675
_bKUE 2012
100 _aYūsufī al-Gharawī, Abū Mikhnaf; Muḥammad Hādī
_984336
245 1 4 _aThe event of ṭaff : the earliest historical account of the tragedy of Karbalāʼ /
_cAbū Mikhnaf;LUT bin Yahya al Azadi al Ghamidi al Kufi; Umar Komo
260 _aIran :
_bABWA ,
_c2012
300 _a432 pages ;
_c22 cm
600 _aḤusayn ibn ʻAlī,
_y680.
_9219930
650 _aIslam
_vHistory.
_9219927
651 _z, Iraq,
_vKarbalāʼ, Battle of, Karbalāʼ
_y680.
_9219928
700 _aKomo , Umar
_9219929
942 _2ddc
_cBK
999 _c74021
_d74021